| 000 | 00000nam 2200000za 4500 |
| 001 | 9.839823 |
| 003 | CaOODSP |
| 005 | 20221107151708 |
| 007 | cr ||||||||||| |
| 008 | 180131s2017 onca ob f000 0 eng d |
| 020 | |a9780660090689 |
| 040 | |aCaOODSP|beng |
| 043 | |an-cn--- |
| 086 | 1 |aHP15-30/0-2017E-PDF |
| 245 | 00|aFamily-centred maternity and newborn care |h[electronic resource] : |bnational guidelines. |
| 246 | 1 |iTitle cited by publisher: |aPreface - family-centred maternity and newborn care : |bnational guidelines |
| 260 | |aOttawa : |bPublic Health Agency of Canada, |c2017. |
| 300 | |aiv p. : |bill. |
| 500 | |aIssued also in French under title: Les soins à la mère et au nouveau-né dans une perspective familiale : lignes directrices nationales. |
| 500 | |a"Publication date: November 2017." |
| 500 | |aIssued also in HTML format. |
| 504 | |aIncludes bibliographical references. |
| 520 | |a"The Family-Centred Maternity and Newborn Care: National Guidelines is a resource on maternal and newborn health. It includes the latest information and advice from Canadian experts. The guidelines are for those interested in maternal and newborn health, such as: health care providers; other Canadians involved with maternal and newborn health; and those who plan, manage and decide on maternal and newborn health programs and services. The guidelines have a preface and 9 chapters. Each chapter will be released once complete”--Provided by publisher. |
| 692 | 07|2gccst|aPerinatal care |
| 692 | 07|2gccst|aInfant care |
| 710 | 2 |aPublic Health Agency of Canada. |
| 775 | 08|tLes soins à la mère et au nouveau-né dans une perspective familiale |w(CaOODSP)9.839824 |
| 856 | 40|qPDF|s3.21 MB|uhttps://publications.gc.ca/collections/collection_2018/aspc-phac/HP15-30-0-2017-eng.pdf |
| 856 | 4 |qHTML|sN/A|uhttps://www.canada.ca/en/public-health/services/maternity-newborn-care-guidelines/preface.html |
| 986 | |a170166 |